1160 1870 1374 1901 1427 1966 1185 1140 1733 1422 1279 1941 1643 1618 1428 1493 1447 1654 1320 1415 1995 1614 1294 1434 1229 1392 1903 1832 1320 1788 1914 1336 1643 1181 1544 1711 1978 1718 1079 1299 1009 1817 1023 1458 1098 1091 1526 1373 1418 1131 1150 1499 1167 1399 1370 1556 1390 1291 1021 1757 1995 1133 1276 1689 1059 1656 1663 1337 1373 1077 1435 1122 1005 1238 1163 1148 1845 1678 1788 1816 1187 1057 1626 1681 1131 1742 1390 1391 1278 1423 1626 1599 1854 1591 1644 1488 1878 1681 1940 BCNSPRNW ULIB Ver.6.0+V

เปลี่ยนเป็นภาษาไทย

Change to English
 แสดงรายละเอียดบรรณานุกรม
  กลับหน้าหลัก

Brief Record : Get Marc (ISO 2709) : E-mail record : QR code < ปิดหน้าต่าง
LEADER : 00000nam 2200000uu 4500
001    13399126412
003     ULIB
008    020711s2018 th a 000 0 eng d
020    ^a9781496345868
060    ^aWY49^bJ33N
100    Janet R. Weber
245    ^aNurses Handbook of Health Assessment
250    ^a9th ed
260    ^aPhiladelphia :^bWolters Kluwer,^c2018
300    ^a848 pages;^b19 cm
650    ^aNursing Assessment-methods
650    ^aMedical HistoryTaking-methods
650    ^aPhysical Examination-methods
650    ^aHandbooks
945    ^p1419^l0^i004637
999    ^aประนอม เกษจรัล
รายการนี้ยังไม่มีแท็ก
คุณยังไม่ได้ล็อกอิน คุณสามารถมีกิจกรรมร่วมกับเว็บไซต์ได้ แต่ต้องล็อกอินก่อน ::
  ล็อกอิน

รายการสื่อสารสนเทศ

ลำดับที่ ประเภท เลขเรียก/บาร์โค้ด สถานที่ สถานะ
1. Book การพยาบาล
หนังสือสำรอง
สถานะ=หนังสือสำรอง
WY49 J33N ฉ.1 
  Barcode: 004637
ห้องสมุดวิทยาเขตสวรรค์ประชารักษ์
►หนังสือทั่วไป
บนชั้น

รายการใกล้เคียง
    ชื่อเรื่อง [Nurses Handbook of Health Assessment]

    ผู้แต่ง [Janet R. Weber]

    หัวเรื่อง [Nursing Assessment-methods]
    หัวเรื่อง [Medical HistoryTaking-methods]
    หัวเรื่อง [Physical Examination-methods]
    หัวเรื่อง [Handbooks]

BibComment


ยังไม่เคยถูกคอมเมนท์

คอมเมนท์ทรัพยากรรายการนี้
  คอมเมนท์: Nurses Handbook ..


 Copyright 2026. Bcnsprnw @Library